000 00770nam a2200229Ii 4500
003 JO-AjNU
008 230605s9999||||xx |||||||||||||| ||und||
017 _a2010/9499
020 _a978-977-287-957-6
040 _aJO-AjNU
_bara
_erda
_cJO-AjNU
041 _aara
050 1 4 _aT58.6.2010
100 3 _aبسيوني، عبدالحميد,
_eauthor
_944547
245 0 0 _aالمرجع الشامل في نظم المعلومات الادارية=management information systems
250 _aط1
264 3 1 _aالقاهرة:دار الكتب العلمية،2010
300 _a573ص
336 _atext
_btxt
_2rdacontent
337 _aunmediated
_bn
_2rdamedia
338 _avolume
_bnc
_2rdacarrier
650 4 _aنظم المعلومات الادارية
_944548
999 _aA19243
_c22811
_d22811